[Event "TUR-ch op"]
[Site "Antalya"]
[Date "2008.02.08"]
[Round "8.56"]
[White "Aydinalp, Suheyl"]
[Black "Polat, Tufan"]
[Result "1-0"]
[WhiteElo "1823"]
[BlackElo "1536"]
[PlyCount "209"]
[EventDate "2008.02.04"]
[EventType "swiss"]
[EventRounds "11"]
[EventCountry "TUR"]
[SourceTitle "CBM 122 Extra"]
[Source "ChessBase"]
[SourceDate "2008.03.04"]
[SourceVersion "1"]
[SourceVersionDate "2008.03.04"]
[SourceQuality "1"]

1. e4 e5 2. Nf3 Nc6 3. Bc4 Nd4 4. c3 Nxf3+ 5. Qxf3 Nf6 6. d3 Be7 7. 0-0 0-0 8. Bb3 d6 9. h3 Be6 10. Bc2 c6 11. Nd2 Ne8 12. g4 Bg5 13. Nc4 Bxc4 14. dxc4 Bxc1 15. Raxc1 Qf6 16. Kg2 Qxf3+ 17. Kxf3 c5 18. Rcd1 f6 19. Ke3 Rd8 20. Ba4 Nc7 21. Rd2 Kf7 22. f3 Ke7 23. h4 Ne6 24. h5 g6 25. Rh1 Nf4 26. hxg6 hxg6 27. Rdh2 Ne6 28. Rh7+ Rf7 29. Rxf7+ Kxf7 30. Rh7+ Ng7 31. b4 g5 32. a3 Kg6 33. Rh2 Ne6 34. Kd2 Kg7 35. Kc1 Nf4 36. Rd2 Ne6 37. Kb2 Kf7 38. Bd1 Ke7 39. Rh2 Nf8 40. Kb3 Rc8 41. Rh6 Kf7 42. Rh8 Kg7 43. Rh2 Ng6 44. Rd2 Kf7 45. Rxd6 Ke7 46. Rd2 Rd8 47. Rxd8 Kxd8 48. Ka4 cxb4 49. cxb4 Nf4 50. Kb3 Kd7 51. Kc3 Kd6 52. c5+ Kc7 53. a4 Ng2 54. Kd3 Kc6 55. Bb3 Kc7 56. Bd1 Kd7 57. Kc3 Kc6 58. Be2 Nf4 59. Bb5+ Kc7 60. Bf1 Ne6 61. Be2 Nd4 62. Bd1 a6 63. Kc4 Nc6 64. Kd5 Kd7 65. b5 Nb4+ 66. Kc4 a5 67. Kc3 Kc7 68. Bc2 Na2+ 69. Kb2 Nb4 70. Bb1 b6 71. c6 Kd6 72. Kc3 Kc7 73. Kb3 Kd6 74. Kc4 Kc7 75. Bd3 Kd6 76. Bb1 Ke6 77. Kc3 Kd6 78. Bc2 Ke7 79. Bb3 Kd6 80. Bc4 Ke7 81. Kd2 Kd6 82. Ke3 Nc2+ 83. Kd2 Nd4 84. Be2 Ne6 85. Kc3 Nf4 86. Bd1 Ne6 87. Kc4 Nf4 88. Bb3 Ke7 89. Kc3 Kd6 90. Bf7 Ne2+ 91. Kc4 Nd4 92. c7 Kxc7 93. Kd5 Kd7 94. Be6+ Ke7 95. Bf5 Nxf5 96. Kc6 Nd4+ 97. Kxb6 Kd6 98. Kxa5 Kc7 99. Ka6 Kb8 100. a5 Nxf3 101. Kb6 f5 102. exf5 e4 103. a6 e3 104. a7+ Ka8 105. Ka6 1-0

[Event "TUR-ch op"]
[Site "Antalya"]
[Date "2008.02.07"]
[Round "6.50"]
[White "Pekol, Erdem"]
[Black "Polat, Tufan"]
[Result "1/2-1/2"]
[WhiteElo "1849"]
[BlackElo "1536"]
[PlyCount "78"]
[EventDate "2008.02.04"]
[EventType "swiss"]
[EventRounds "11"]
[EventCountry "TUR"]
[SourceTitle "CBM 122 Extra"]
[Source "ChessBase"]
[SourceDate "2008.03.04"]
[SourceVersion "1"]
[SourceVersionDate "2008.03.04"]
[SourceQuality "1"]

1. d4 d5 2. Nf3 Nf6 3. e3 Bg4 4. Be2 Bxf3 5. Bxf3 e6 6. 0-0 Bd6 7. c4 c6 8. Qb3 Qc7 9. h3 Nbd7 10. cxd5 exd5 11. Nc3 0-0 12. e4 dxe4 13. Nxe4 Nxe4 14. Bxe4 Nf6 15. Bf3 Rad8 16. Rd1 Rfe8 17. Bg5 Be7 18. Rac1 Qd7 19. Bxf6 Bxf6 20. d5 cxd5 21. Rxd5 Qe7 22. Qc2 Rxd5 23. Bxd5 Rd8 24. Bc4 h6 25. b3 Be5 26. Qf5 Qf6 27. Qxf6 Bxf6 28. Rc2 Kf8 29. Re2 a6 30. a4 Be7 31. g4 Bd6 32. Kg2 a5 33. Re4 b6 34. f4 Bc5 35. Kf3 Re8 36. Rxe8+ Kxe8 37. Ke4 Ke7 38. h4 Bf2 39. h5 f6 1/2-1/2